MDQL
is popping MORE tags! Check the
thread
!
Quizzes
Events
Quiz Creation
Community
Videos
Private Events
Remove Ads
Sign In
Join for FREE
Feedback
Dark Mode
Quiz Categories
Sports
Geography
Music
Movies
Television
Just For Fun
Miscellaneous
History
Literature
Language
Science
Gaming
Entertainment
Religion
Holiday
For Kids
Quiz Lab
Recent
Popular Today
Quiz Kudos Today
Editor Picks
Curator Picks
Quizzes by...
Day
Popularity
Type
Ratings
Length
Year
Community
Subscriptions
Recent Discussions
Orange Saloon
Badges
Playlists
Quests
Create
Leaderboards
Showdown
Live 5
Trivia Bingo
Activity
Puzzle Library
Sporcle Events
Private Events
Virtual Trivia
Globe League
Become a Host
Pub Owners
SporcleCon
Opinionation
Our Games
Videos
Blog
Mobile Apps
Partnerships
Remove Ads and Go Orange
Feedback
Movies
Disney
Marvel Cinematic Universe
Movie Resume
Movie Titles
Oscar
Actor
Actress
Director
Pixar
Role
Movie Quotes
Movie Characters
Box Office
Nominee
Best Picture
Star Wars
James Bond
Horror Movies
Movies
Disney
Marvel Cinematic Universe
Movie Resume
Movie Titles
Oscar
Actor
Actress
Director
Pixar
Role
Movie Quotes
Movie Characters
Box Office
Nominee
Best Picture
Star Wars
James Bond
Horror Movies
Random Quiz
Search Sporcle
×
Quiz Lab
Quiz Lab
Movies
Cosby
Type in answers that appear in a list
Type in answers that appear in a list
Classic
Best Score? Go Orange.
Bill Cosby movies Stats
Can you name the movies featuring Bill Cosby?
By
Triple_J_72
10m
15 Questions
122 Plays
122 Plays
122 Plays
Comments
Comments
Give Quiz Kudos
Give Quiz Kudos
-
- Ratings
hide this ad
More Info
Replay
Link that replays current quiz
Next Quiz
Link to next quiz in quiz playlist
You Got
0%
They Got
Avg Score
32%
Avg Friend Score
Upgrade to see
Score Distribution
Jump to the score distribution portion of the page
Score
0/15
Timer
10:00
0
Plays Today
Year
Film Title
% Correct
1990
Ghost Dad
73%
2004
Fat Albert
57.4%
1987
Leonard Part 6
52.5%
1974
Uptown Saturday Night
40.2%
1976
Mother, Jugs and Speed
34.4%
1983
Bill Cosby: Himself
34.4%
1975
Let's Do It Again
32.8%
1996
Jack
27.9%
Year
Film Title
% Correct
1981
The Devil and Max Devlin
24.6%
1978
California Suite
21.3%
1993
The Meteor Man
21.3%
1977
A Piece of the Action
19.7%
1971
Man and Boy
18.9%
1972
Hickey and Boggs
18%
1974
Journey Back to Oz
7.4%
Quiz Playlist
Details
Report
Send in Message
Add To Playlist
More Info:
Theatrical releases only.
Classic:
Type in answers that appear in a list
Quiz Source
Last Updated: Feb 16, 2017
Quiz Scoreboard
CHALLENGE
Sign Up to Join the Scoreboard
Show All
Scores
Hide
Comments
May contain spoilers
Recently Published
Find the 'City' Movie
by crazypaving
Movies
60s
5x2 Blitz: Bands
by SL_Kpop136
Music
30s
Colored Red Africa Blitz
by spor1
Geography
30s
More to Explore
Quiz From the Vault
Featured Blog Post
14 Easter Pick-up Lines to Find Eggs With
hide this ad
You Might Also Like...
Tags
Cosby
Today's Top Quizzes in Movies
Browse Movies
hide this ad
Today's Top Quizzes in Cosby
Browse Cosby
Top Contributed Quizzes in Movies
1
Find The 'Big' Movie
2
Find The 'Wild' Movie
3
Find The 'Blue' Movie
4
Movies By Plot
5
Pick 5 Posters: Directed by Spielberg
6
Hidden Star Wars Character II
7
Hidden Star Wars Character III
8
Hidden Star Wars Character IV
9
Alfred Hitchcock Movies by Plot
10
Hidden Star Wars Character V
Explore More
Trending Topics
Anime
Disney
Marvel
Crossword
Harry Potter
Kpop
NBA
WWE
NFL
Pokémon
Country
Song
Puzzle
The Office
Soccer
hide this ad
More By:
Triple_J_72
Quiz
Plays
Rating
Category
Featured
Created
Chris Berman's NFL nicknames
399
3.00
Sports
Jun 5, 2012
Jonny Quest episodes (60's series)
127
3.67
Television
Jun 25, 2011
Bill Cosby movies
122
3.00
Movies
Feb 25, 2011
Bill Cosby comedy albums
71
3.00
Entertainment
Feb 25, 2011
Spider-Man 1967 TV cartoon episode list
48
1.00
Television
Oct 8, 2010
Go to Creator's Profile
Score Distribution
Quiz Creator Spotlight
Triple_J_72
Follow
Send a Message
Quizzes Created
-
Created Quiz Play Count
-
More By This Creator
Popular Quizzes Today
1
Colored Red Africa Blitz
2
Find the 'City' Movie
3
5x2 Blitz: Bands
4
Find the US States - No Outlines Minefield
5
The Countries of the World
6
Find the US States
7
US States
8
9x9 Crossword: Cartoon Network
More Movies Quizzes
Taglines in 1976 movie posters
Quiz Lab
Trending Quizzes
Colored Red Europe Blitz I
Colored Red Africa Blitz II
Colored Red Europe Blitz II
Colored Red Europe Blitz III
Colored Red Africa Blitz III
Recently Updated
Famous TV Couples
Peacemaker
Champions League XIs: Real Madrid
pecheneg
Largest US Cities 1790-2010
pecheneg
Rides in Walt Disney World
pecheneg
Most Oscar Losses (Acting)
pecheneg
Beyoncé Albums
pecheneg
Leaping Animals
pecheneg
Reality TV Shows (A-Z)
bhenderson79
Rickey Henderson's Hall of Fame Teammates
pecheneg
Champions League XIs: Arsenal
pecheneg
Trending Topics
NBA
Crossword
Disney
Harry Potter
Kpop
Marvel
Anime
Soccer
WWE
Pokémon
NFL
Puzzle
Country
The Office
Song
Your Account Isn't Verified!
In order to create a playlist on Sporcle, you need to verify the email address you used during registration. Go to your
Sporcle Settings
to finish the process.
Report this User
Report this user for behavior that violates our
Community Guidelines
.
Details:
Send Report
Go to the Sporcle.com Mobile Site →
Comments